000
00272nam a22001097a 4500
008
240711b |||||||| |||| 00| 0 eng d
100
_a
Sunder, Kashmatrai
_9
16881
245
_a
Mohasham Mukharyon
260
_a
Bombay:
_b
Bharat Jivan;
_c
1968.
300
_a
100p.
942
_c
BK
999
_c
40021
_d
40021